00411nam a22001337a 4500999001900000003000500019038001200024082001700036245003000053260006800083300001700151942001200168952009700180 c528279d528279NUST amsohail a621.406bNAC aBlading Aggregate Surface aUSAbNational Association of Counties Research Foundationc1974 a54, p:c27cm 2ddccBK 00102ddc4070aNITbNITd2019-09-05l0o621.406 NACpNIT-10334r2019-09-05w2019-09-05yBK